000 00479nmm a2200169Ia 4500
008 251105s9999||||xx |||||||||||||||||und||
020 _a9562828174
041 _aspa
100 _aMagendzo, Abraham
245 0 _aEducación en derechos humanos
264 _a[Santiago de Chile, Chile] :
_bLOM Ediciones,
_c2006
300 _a184 páginas
490 _aEnfoques pedagógicos
650 _aEducation
856 _uhttps://public.digitaliapublishing.com/a/13061
942 _cCF
999 _c74355
_d74355